000 00742nam a22002537a 4500
001 000650
003 DO-SdBNP
005 20180208145923.0
007 000650
008 161108b 1988 sp a ||||| |||| 00| 0 spa d
020 _a8426314708
040 _aBPMSU
_bspa
_cBPMSU
100 1 _aCompairé, Luis
245 1 0 _aTreinta vueltas de hélice /
_cLuis Compairé ; ilustrado por Ángel y Jaime Compairé.
260 _aZaragoza :
_bEdelvives,
_c1988.
300 _a87 p. :
_bil.
_c20 cm.
490 1 _aAla delta
_v62
700 1 2 _aCompairé, Ángel,
_eil.
700 1 2 _aCompairé, Jaime,
_eil.
830 0 _aAla delta ;
_v62
942 _2ddc
_cBK
945 _aInventariado, 2018 /LP
956 _aLOPEREZ
_b10
_c20161108
_hBPMSU
999 _c11833
_d11833